00722nam a2200217 a 450000100060000000300080000600500170001400800410003103500190007204000310009104100080012208200240013010000350015424500800018926000660026930000570033550000580039265000150045065000190046565100200048449490BD-RjUL20211209054704.0160821s1890 enk 000 0 eng d a(BD-RjUL)49609 aBD-RjULbengcANLdBD-RjUL aeng 223a909.6bMAI 18901 aMahan, A. T.q(Alfred Thayer),14aThe influence of sea power upon history 1660-1783 /cby Captain A.T. Mahan. aLondon :bSampson Low, Marston, Searle, & Rivington,c[1890]. axxiv, 557 p. :b4 maps (1 fold.), 21 plans ;c23 cm. aWith inscriptions: W. E. Elliot? H. M. S. Imperieuse. 0aSea-power. 0aNaval history. 0aEuropexHistory